[Event "Montigny Autumn-C 16th"]
[Site "Montigny le Bretonneux"]
[Date "2017.10.25"]
[Round "5"]
[White "Djebab, Mohamed Larbi"]
[Black "Agapov, Klimentiy"]
[Result "0-1"]
[WhiteElo "1399"]
[BlackElo "1290"]
[PlyCount "40"]
[EventDate "2017.10.21"]
[EventType "tourn"]
[EventRounds "9"]
[EventCountry "FRA"]
[SourceTitle "EXT 2019"]
[Source "ChessBase"]
[SourceDate "2018.10.10"]
[SourceVersion "1"]
[SourceVersionDate "2018.10.10"]
[SourceQuality "1"]

1. c4 e6 2. g3 d5 3. cxd5 exd5 4. d4 Bf5 5. Bg2 Nf6 6. Nc3 Bd6 7. Nxd5 Nxd5 8. e4 Qe7 9. Qe2 Bb4+ 10. Bd2 Bxd2+ 11. Kxd2 Qb4+ 12. Kc1 Nc3 13. bxc3 Qxc3+ 14. Kb1 Qb4+ 15. Kc2 Bd7 16. Qd2 Ba4+ 17. Kc1 Qc4+ 18. Kb1 Qb5+ 19. Qb2 Qd3+ 20. Kc1 Qd1# 0-1